• 首页
  • 本馆介绍
  • 公告通知
  • 最新文献
  • 馆藏检索
  • 电子资源
  • 读者导购
  • 参考咨询
  • 我的图书馆
  • 登录
  • 详细信息显示
  • 放入我的书架
  • 预约/预借图书
  • 作者相关作品
  • 分类相关作品
  • 丛书相关作品
  • 出版社相关作品

书目信息

  • 表格格式
  • 工作单格式
  • 卡片格式
题名:
西方“人道主义干预”理论与实践
    
 
作者: 魏宗雷 , 邱桂荣 , 孙茹 著
分册:  
出版信息: 北京   时事出版社  2002
页数: 489页
开本: 20cm
丛书名:
单 册:
中图分类: D815.7
科图分类:
主题词: 人权--国际问题
电子资源:
ISBN: 7-80009-740-4
000 00665nam0 2200217 45
001 0506021184
005 20050602111805.1
010    @a7-80009-740-4@dCNY32.00
100    @a20050602d2002 km y0chiy0120 ea
101 0  @achi
105    @a z 000yy
200 1  @a西方“人道主义干预”理论与实践@AXi Fang“Ren Dao Zhu Yi Gan Yu”Li Lun Yu Shi Jian@f魏宗雷,邱桂荣,孙茹著@FWei Zong Lei,Qiu Gui Rong,Sun Ru Zhu
210    @a北京@c时事出版社@d2002
215    @a489页@d20cm
606 0  @a人权@x国际问题
690    @aD815.7@v4
701  0 @a魏宗雷@4著
701  0 @a邱桂荣@4著
701  0 @a孙茹@4著
801    @aCN@bTSTCL@c20050602
905    @b355475-479@dD815.7@e58@f5
    
    西方“人道主义干预”理论与实践/魏宗雷,邱桂荣,孙茹著.-北京:时事出版社,2002
    489页;20cm
    
    
    ISBN 7-80009-740-4:CNY32.00
    
●
相关链接 在E读中查询图书 在五车中查询图书 在当当中查询图书 在豆瓣中查询图书


正题名:西方"人道主义干预"理论与实践     索取号:D815.7/58         预约/预借

序号 登录号 条形码 馆藏地/架位号 状态 备注
1 0355475   3554754   第一样本阅览室/ [索取号:D815.7/58] 在馆    
2 0355476   3554763   第一借阅区/ [索取号:D815.7/58] 在馆    
3 0355477   3554772   第一借阅区/ [索取号:D815.7/58] 在馆    
4 0355478   3554781   第一借阅区/ [索取号:D815.7/58] 在馆    
5 0355479   3554790   第一借阅区/ [索取号:D815.7/58] 在馆    
唐山师范学院图书馆 欢迎您!
大连网信软件有限公司© 版权所有